US Military Missile Names - Statistics

General Stats
  • This quiz has been taken 148 times
  • The average score is 7 of 20
Answer Stats
Hint Answer % Correct
AIM-9 Sidewinder
73%
AIM-7 Sparrow
67%
AIM-54 Phoenix
61%
AGM-114 Hellfire
59%
AGM-65 Maverik
56%
FIM-92 Stinger
43%
BGM-109 Tomahawk
41%
MIM-104 Patriot
38%
AGM-88 HARM
35%
FGM-148 Javelin
34%
LGM-30 Minuteman
29%
AGM-45 Shrike
23%
AGM-12 Bullpup
22%
BGM-71 TOW
22%
UGM-133 Trident II
19%
FIM-43 Redeye
17%
AGM-62 Walleye
16%
LGM-118 Peacekeeper
15%
AGM-86 ALCM
11%
ASM-135 ASAT
6%
No matching quizzes found
Score Distribution
Percent of People with Each Score
Percentile by Number Answered
Your Score History
You have not taken this quiz